000 00533nam a2200193Ia 4500
005 20250508161959.0
008 008 250505s9999 xx 000 0 eng d
037 _aTextual
040 _aFEDL
_beng
_cFEDL
041 _aeng
_2eng
084 _a371.76, UDA
_qFEDL
100 _aUday Shanker
245 0 _aSex education
260 _aNew Delhi, India
_bSterling Publishers Private Ltd
_c1978
300 _a168p
700 _a Lakshmi Shanker
_9771938
942 _cTEXL
_h371.76, UDA
999 _c1373629
_d1373629